Генеалогия на Русском Севере: связь с общественными науками (Запись № 1226608)

Подробности
000 -МАРКЕР
контрольное поле 02434nam0a2200361 4500
001 - ИДЕНТИФИКАТОР ЗАПИСИ
контрольное поле RU\NLR\bibl\1409726
005 - ИДЕНТИФИКАТОР ВЕРСИИ
контрольное поле 20260407205123.0
010 ## - МЕЖДУНАРОДНЫЙ СТАНДАРТНЫЙ НОМЕР КНИГИ (ISBN)
Номер (ISBN) 978-5-85879-527-8
Тираж 500
021 ## - НОМЕР ГОСУДАРСТВЕННОЙ РЕГИСТРАЦИИ
Код страны Российская Федерация
Номер 2009-53115
Номер Листа государственной регистраци 3271
035 ## - ДРУГИЕ СИСТЕМНЫЕ НОМЕРА
Идентификатор записи (NLR Aleph) 001401712
100 ## - ДАННЫЕ ОБЩЕЙ ОБРАБОТКИ
Данные общей обработки 20090909d2009 |||y0rusy50 ca
101 0# - ЯЗЫК РЕСУРСА
Язык текста, звукозаписи и т.д. русский
102 ## - СТРАНА ПУБЛИКАЦИИ ИЛИ ПРОИЗВОДСТВА
Страна публикации Российская Федерация
105 ## - ПОЛЕ КОДИРОВАННЫХ ДАННЫХ: ТЕКСТОВЫЕ МАТЕРИАЛЫ, МОНОГРАФИЧЕСКИЕ
Кодированные данные о монографическом текстовом документе a |||||||||
200 1# - ЗАГЛАВИЕ И СВЕДЕНИЯ ОБ ОТВЕТСТВЕННОСТИ
Основное заглавие Генеалогия на Русском Севере: связь с общественными науками
Сведения, относящиеся к заглавию сборник материалов Международной научной конференции, посвященной 10-летию Архангельской региональной общественной организации "Северное историко-родословное общество", (Архангельск, 10-11 сентября 2008 г.)
Первые сведения об ответственности [сост. Л.Д. Попова]
210 ## - ПУБЛИКАЦИЯ, РАСПРОСТРАНЕНИЕ И ДР.
Место издания, распространения и т.д. Архангельск
Имя издателя, распространителя и т. д. Правда Севера
Дата издания, распространения и т.д. 2009
215 ## - ФИЗИЧЕСКАЯ ХАРАКТЕРИСТИКА
Специфическое обозначение материала и объем 242, [1] с.
Другие сведения о физической характеристике ил.
Размеры 21
300 ## - ОБЩИЕ ПРИМЕЧАНИЯ
Текст примечания В надзаг.: Администрация Арханг. обл., Арханг. регион. обществ. орг. "Сев. ист.-родослов. о-во", Арханг. обл. науч.б-ка им. Н.А. Добролюбова, Помор. гос. ун-т им. М.В. Ломоносова
320 ## - ПРИМЕЧАНИЯ О НАЛИЧИИ В ДОКУМЕНТЕ БИБЛИОГРАФИИ / УКАЗАТЕЛЯ
Текст примечания Библиогр. в прим. в конце ст.
606 1# - НАИМЕНОВАНИЕ ТЕМЫ КАК ПРЕДМЕТ
Наименование темы Генеалогия
Формальный подзаголовок Съезды, совещания и т.п.
Географический подзаголовок Россия
-- Север
Системный номер авторитетной/нормативной записи 2568540
Идентификатор авторитетной/нормативной записи RU\NLR\auth\661519014
686 ## - ИНДЕКСЫ ДРУГИХ КЛАССИФИКАЦИЙ
Индекс Т214(2Р31)я431
702 #1 - ИМЯ ЛИЦА - ВТОРИЧНАЯ ОТВЕТСТВЕННОСТЬ
Код отношения Составитель
Графика поля Кириллица
Материалы, к которым относится поле rus
Начальный элемент ввода Попова
Часть имени, кроме начального элемента ввода Л. Д.
Дополнения к именам, кроме дат д-р культурологии, канд. ист. наук
Расширение инициалов личного имени Людмила Дмитриевна
Системный номер авторитетной/нормативной записи 14543
Идентификатор авторитетной/нормативной записи RU\NLR\auth\7731533
711 12 - НАИМЕНОВАНИЕ ОРГАНИЗАЦИИ - АЛЬТЕРНАТИВНАЯ ОТВЕТСТВЕННОСТЬ
Код отношения Автор
Начальный элемент ввода "Генеалогия на Русском Севере: связь с общественными науками", международная научная конференция
Место проведения временной организации Архангельск
Дата проведения временной организации 2008
Системный номер авторитетной/нормативной записи 770156
Идентификатор авторитетной/нормативной записи RU\NLR\AUTH\8810137327
712 02 - НАИМЕНОВАНИЕ ОРГАНИЗАЦИИ - ВТОРИЧНАЯ ОТВЕТСТВЕННОСТЬ
Код отношения Прочие
Начальный элемент ввода Северное историко-родословное общество
Идентифицирующий признак Архангельск
Системный номер авторитетной/нормативной записи 588076
Идентификатор авторитетной/нормативной записи RU\NLR\AUTH\8810044320
801 #0 - ИСТОЧНИК ЗАПИСИ
Страна Российская Федерация
Организация NLR
Дата составления 20090909
Правила каталогизации RCR
801 #1 - ИСТОЧНИК ЗАПИСИ
Страна Российская Федерация
Организация NLR
Дата составления 20090909
942 ## - ДОПОЛНИТЕЛЬНЫЕ ЭЛЕМЕНТЫ ЗАПИСИ (АБИС)
Тип экземпляра АБИС Книга
980 ## - КОЛЛЕКЦИЯ
Название коллекции Национальная библиография
980 ## - КОЛЛЕКЦИЯ
Название коллекции Издания по генеалогии и истории семей. Часть 2 (после 1917 г.)
980 ## - КОЛЛЕКЦИЯ
Название коллекции НБР
Экземпляры
Тип экземпляра Дата поступления Источник поступления Библиотека постоянного хранения Библиотека текущего хранения Место хранения Шифр хранения Штрих-код Статус экземпляра
Книга 09.09.2009 Обязательный экземпляр РНБ (Московский) РНБ (Московский) Русский книжный фонд: издания с 1957 года 2009-3/28122 1-1839967  
Книга 09.09.2009 Обязательный экземпляр РНБ (Московский) РНБ (Московский) Русский книжный фонд: издания с 1957 года 2009-3/28122 2989905